00706nam a22002057a 4500999001900000005001700019010001500036020002700051035001400078037001300092082000800105100002100113245007500134260003400209270005000243300003100293500003200324942002200356952012200378 c158337d15833720181025143948.0 aENG-124370 c1195.00a9789386552693 aEN-107902 bDBAD/PUB a230 aScott, J. Barton aModern hinduism and the genealogies of self-rule /cby J. Barton Scott aNew DelhibPrimus Booksc2018 aArakashan Road, Paharganj,bNew Delhie110055 axi,267p.c22cm. (Hb)bill. aIt includes notes and index 2ddccENh230mSCO 001040718NFICaDBADbBNd2018-10-25eDBAD/PUBg1195.00l0o230 SCOpEN-107902r2018-10-25 00:00:00t1v1195.00yEN